Fake It Flowers - Album (beabadoobee) - Statistics

General Stats
  • This quiz has been taken 16 times
  • The average score is 8 of 12
Answer Stats
# Title % Correct
6. Emo Song
100%
1. Care
80%
5. Charlie Brown
80%
3. Dye It Red
80%
11. Together
80%
2. Worth It
80%
4. Back To Mars
60%
9. Horren Sarrison
60%
10. How Was Your Day?
60%
7. Sorry
60%
12. Yoshimi, Forest, Magdalene
60%
8. Further Away
40%
No matching quizzes found
Score Distribution
Percent of People with Each Score
Percentile by Number Answered
Your Score History
You have not taken this quiz